00525 a2200169 4500010001400000020002600014035001300040037001500053082001300068100001700081245011900098250001100217260004900228300003300277500002000310700002500330 aENG-88232 a9780070660557c275.00 aEN-71765 bDBAD / PUB14a621.31921 aSudhakar, A.1 aElectrical circuits:cby A. Sudhakar [and] Shyammohan S. Pallibas per the revised syllabus effective August 2007/ a3rd ed aNew DelhibTata McGraw-Hill Publishingc2008 avarious pagingsc23cm (pbk) aIncludes index aPalli, Shyammohan S.